Gitanjali Song offerings : (Record no. 202126)

MARC details
000 -LEADER
fixed length control field 00663nam a22001937a 4500
005 - DATE AND TIME OF LATEST TRANSACTION
control field 20240507120701.0
010 ## - LCCN (DPL NO)
LC control number ENG-140093
020 ## - INTERNATIONAL STANDARD BOOK NUMBER
International Standard Book Number 9789393711014
Terms of availability 195.00
035 ## - SYSTEM CONTROL NUMBER
System control number EN-123625
037 ## - SOURCE OF ACQUISITION
Source of stock number/acquisition DBAD/PUB
082 ## - DEWEY DECIMAL CLASSIFICATION NUMBER
Classification number 881
100 ## - MAIN ENTRY--PERSONAL NAME
Personal name Tagore,Rabindranath
245 ## - TITLE STATEMENT
Title Gitanjali Song offerings :
Remainder of title A collection of poems translated by the author/
Statement of responsibility, etc By Rabindranath Tagore ; introduces by W.B. Yeats
260 ## - PUBLICATION, DISTRIBUTION, ETC. (IMPRINT)
Name of publisher, distributor, etc Nandy Enterprises
Date of publication, distribution, etc 2022
Place of publication, distribution, etc Delhi
270 ## - ADDRESS
City Delhi
Postal code 110091
Address 114-C, Pocket-A, Phase-II Mayur Vihar,
300 ## - PHYSICAL DESCRIPTION
Extent 188p.:
Dimensions 22cm(Pb)
Other physical details ill.
700 ## - ADDED ENTRY--PERSONAL NAME
Personal name Yeats,W.B.
9 (RLIN) 64655
942 ## - ADDED ENTRY ELEMENTS (KOHA)
Source of classification or shelving scheme Dewey Decimal Classification
Item type English Books
Call number suffix TAG
Classification part 881
Holdings
Withdrawn status Lost status Not for loan Collection code Home library Current library Date acquired Source of acquisition Cost, normal purchase price Full call number Barcode Copy number Cost, replacement price Koha item type
      Non-fiction Ashok Vihar Ashok Vihar 12/04/2024 DBAD 195.00 TAG 881 EN-123625 1 195.00 English Books

© Delhi Public Library
Hit Counter
free hit counter